|
|
|
|
| LEADER |
00000nam a2200000 4500 |
| 001 |
vtls011751151 |
| 003 |
SK-MaSNL |
| 005 |
20260301183055.0 |
| 008 |
200316s2018 xo l e np 000 0 slo |
| 015 |
|
|
|a SNBA2018/05
|
| 020 |
|
|
|a 9788097286675
|q (brožované)
|
| 035 |
|
|
|a urn:nbn:sk:snk-am00dgq5
|
| 035 |
|
|
|a urn:nbn:sk:snk-am3i1pj
|
| 035 |
|
|
|a 26ABE5A2-AC98-456B-BBD9-6B5951F1184C
|
| 040 |
|
|
|a SNK
|b slo
|c SNK
|e rda
|
| 041 |
0 |
|
|a slo
|
| 044 |
|
|
|a xo
|c SK
|
| 072 |
|
7 |
|a 33
|x Ekonómia
|2 konspekt
|
| 072 |
|
7 |
|a 004.4/.6
|x Programovanie. Softvér
|2 konspekt
|
| 080 |
|
|
|a 330.43
|2 2011
|
| 080 |
|
|
|a (075.8)
|2 2011
|
| 080 |
|
|
|a 004.42
|2 2011
|
| 080 |
|
|
|a 519.862
|2 2011
|
| 100 |
1 |
|
|a Lukáčiková, Adriana,
|d 1971-
|4 aut
|9 75772
|
| 245 |
1 |
0 |
|a Úvod do ekonometrie s programom Eviews
|c Adriana Lukáčiková, Martin Lukáčik, Karol Szomolányi
|
| 264 |
|
1 |
|a [Bratislava]
|b Letra Edu
|c 2018
|
| 300 |
|
|
|a 345 strán
|b tabuľky
|c 25 cm
|
| 336 |
|
|
|a text
|b txt
|2 rdacontent
|
| 337 |
|
|
|a bez média
|b n
|2 rdamedia
|
| 338 |
|
|
|a zväzok
|b nc
|2 rdacarrier
|
| 500 |
|
|
|a Miesto vydania podľa NA ISBN
|
| 504 |
|
|
|a Bibliografia na strane 335-338
|
| 650 |
0 |
7 |
|a ekonometria
|2 SNKPH
|9 2138
|
| 650 |
0 |
7 |
|a Econometrics
|2 SNKPHeng
|9 331444
|
| 650 |
0 |
7 |
|a počítačové programy
|2 SNKPH
|9 1222
|
| 650 |
0 |
7 |
|a Computer programs
|2 SNKPHeng
|9 329819
|
| 650 |
0 |
7 |
|a ekonometrické modely
|2 SNKPH
|9 20465
|
| 650 |
0 |
7 |
|a Econometric models
|2 SNKPHeng
|9 332739
|
| 655 |
|
7 |
|a učebnice vysokých škôl
|2 SNKPH
|9 70191
|
| 655 |
|
7 |
|a Textbooks (higher)
|2 SNKPHeng
|9 276436
|
| 700 |
1 |
|
|a Lukáčik, Martin,
|d 1974-
|4 aut
|9 69835
|
| 700 |
1 |
|
|a Szomolányi, Karol,
|d 1976-
|4 aut
|9 84401
|
| 919 |
|
|
|a 978-80-972866-7-5
|
| 958 |
|
|
|a NB
|
| 999 |
|
|
|c 855772
|d 857702
|
| 952 |
|
|
|a SNK
|b SNK
|y PREZ
|7 0
|p 17A1329612
|o snkSC 179153
|i snk2018/8613
|8 0
|0 0
|1 0
|4 0
|d 2018-04-16
|f 1
|l 0
|r 2026-02-24 04:55:48
|w 2026-02-24
|
| 952 |
|
|
|a SNK
|b SNK
|y VYP
|7 0
|p 17A1329613
|o snkSC 179153 D1
|i snk2018/8614
|8 0
|0 0
|1 0
|4 0
|d 2018-04-16
|l 0
|r 2026-02-24 04:55:48
|w 2026-02-24
|